000 01301nam a2200325 a 4500
001 000111737
003 CHAP
005 20220329144226.0
008 150723s2015 mx sm |||||||spa d
010 _a108198
011 _a109170
040 _cCHAP
090 _aTesis
100 1 _aHernández Martínez, Genoveva Yolanda
_9129684
245 1 0 _aControl químico de roya amarilla puccinia striiformis f.sp. tritici en trigo (triticum aestivum L.) de temporal
_h[En línea]
_cpor Genoveva Yolanda Hernández Martínez.
260 _aChapingo, Méx. :
_bEl autor,
_c2015.
500 _aPara ver el contenido del material haga clic en la liga
502 _aTesis (Ing. Agr. Esp. en Parasitología Agrícola) -- UACH. Departamento de Parasitología Agrícola
590 _aE11695DGD
_b10
_c20150724
_lUCH01
_h0854
590 _aE5765TAJ
_b05
_c20150723
_lUCH01
_h1120
590 _aE5765TAJ
_b05
_c20150723
_lUCH01
_h1120
650 1 4 _aFungicidas
_xEfecto en Puccinia striiformis.
_9129686
650 1 4 _aHerbicidas
_xEfecto en Puccinia striiformis.
_9129687
650 1 4 _aPuccinia striiformis
_xControl.
_9129685
650 1 4 _aTrigo
_xEnfermedades por hongos.
_9115018
856 _aFinding aid
_uhttp://10.13.5.2/tesis/sist111737.pdf
_zTeclea aquí
901 _aBK
942 _cTESIS
942 _n0
999 _c108198
_d108198